Word Ladder: Christmas Songs III Quiz Stats

 Plays Quiz Updated Dec 16, 2018

Challenge
Share
Tweet
Embed
Score 0/55 Timer 06:00
1 Play Today
Hint Word % Correct
* Hark! The Herald Angels ____ ** SING *
95.3%
* I'll Be ____ for Christmas ** HOME *
94.5%
* Jingle ____ Rock ** BELL *
94.5%
Rudolph had a red oneNOSE
94.3%
* Deck the ____ ** HALL *
94.2%
* ____ Yourself a Merry Little Christmas ** HAVE *
94%
* O ____, All Ye Faithful ** COME *
93%
* Ding ____ Merrily on High ** DONG *
92.7%
Cinderella's eventBALL
92.7%
CompletedDONE
92%
Hydrant attachmentHOSE
91.9%
Not anyNONE
91.8%
* All I ____ For Christmas Is My Two Front Teeth ** WANT *
91.6%
* It ____ Upon a Midnight Clear ** CAME *
91.5%
* It's the ____ Wonderful Time of the Year ** MOST *
91.4%
* Go ____ It on the Mountain ** TELL *
90.9%
Enjoy a novelREAD
90%
* Santa Claus Is Coming to ____ ** TOWN *
89.9%
* Do You ____ What I ____? ** HEAR *
89.9%
Bear lairCAVE
89.7%
Greenish blueTEAL
89%
Eye dropletTEAR
88.5%
* Good ____ Wenceslas ** KING *
88.4%
Dryer build upLINT
87.6%
Chain unitLINK
87.5%
* Christ Is ____ In Bethlehem ** BORN *
86.7%
Strong and healthyHALE
85.5%
Tenant's expenseRENT
85.3%
Hint Word % Correct
* The Angels ____ ** SANG *
84.6%
* Auld ____ Syne ** LANG *
84.6%
Hose problemKINK
84%
ShreddedTORN
83.5%
* God ____ Ye Merry, Gentlemen ** REST *
82.9%
* Boar's ____ Carol ** HEAD *
82.9%
Lose one's coolRANT
82.2%
* Come Thou ____ Expected Jesus ** LONG *
79.8%
Fade awayWANE
79.2%
* ____ Be Santa ** MUST *
78.1%
* Love Came ____ at Christmas ** DOWN *
77%
* ____ Cones and Holly Berries ** PINE *
73.7%
Skin openingPORE
73.5%
* Mistletoe and ____ ** WINE *
73.4%
* My Grown Up Christmas ____ ** LIST *
72.8%
* A Baby ____ Like You ** JUST *
71.8%
Stuffed shirtBORE
71.4%
Not worth debatingMOOT
70.7%
* ____ Christmas ** LAST *
70.1%
* ____ Christian Men, Rejoice ** GOOD *
69.7%
Witty remarkJEST
69.5%
* In the Christmas ____ ** MOOD *
68.9%
* Holiday ____ ** ROAD *
66.8%
ProvokeGOAD
65.6%
* A Virgin Unspotted (A Virgin Most ____) ** PURE *
62.9%
Indian CityPUNE
57%
* Star of the ____ ** EAST *
52.3%

Today's Daily Dose

Word Ladder
Bruno Mars Song

Get the Picture
Japanese Cars

You're not logged in!

Compare scores with friends on all Sporcle quizzes.
OR
Log In

You Might Also Like...

Show Comments

Extras

Top Quizzes Today


Score Distribution

Your Account Isn't Verified!

In order to create a playlist on Sporcle, you need to verify the email address you used during registration. Go to your Sporcle Settings to finish the process.

Report this User

Report this user for behavior that violates our Community Guidelines.

Details: